[Event "Nat 1 Creteil-Grasse"]
[Site "?"]
[Date "2008.04.05"]
[Round "10.5"]
[White "Larrat, Philippe"]
[Black "Abravanel, Chely"]
[Result "1/2-1/2"]
[WhiteElo "2210"]
[BlackElo "2338"]
[PlyCount "71"]
[EventDate "2008.04.07"]
[SourceDate "2008.04.07"]

1. e4 c6 2. Nc3 d5 3. Nf3 Bg4 4. h3 Bxf3 5. Qxf3 e6 6. d4 Nf6 7. Bd3 dxe4 8.
Nxe4 Nxe4 9. Qxe4 Qd5 10. c4 Bb4+ 11. Ke2 Qxe4+ 12. Bxe4 Nd7 13. a3 Be7 14. b3
Bf6 15. Bb2 O-O 16. Rab1 Rfd8 17. Rhd1 Rac8 18. Bc1 Nb6 19. Be3 Rd7 20. a4 Rcd8
21. a5 Nc8 22. a6 Nd6 23. Bf3 Rc8 24. axb7 Rxb7 25. Bf4 Nf5 26. Be5 Rd7 27.
Bxf6 gxf6 28. d5 cxd5 29. cxd5 Rcd8 30. dxe6 Nd4+ 31. Kf1 fxe6 32. Be2 e5 33.
Bc4+ Kf8 34. Ra1 Rb8 35. Ra6 Rb6 36. Rda1 1/2-1/2

[Event "Nat 1 Creteil-Grasse"]
[Site "?"]
[Date "2008.04.05"]
[Round "10.6"]
[White "Henneteau, Jeremy"]
[Black "Li, Frederic"]
[Result "1/2-1/2"]
[WhiteElo "2137"]
[BlackElo "2176"]
[PlyCount "104"]
[EventDate "2008.04.07"]
[SourceDate "2008.04.07"]

1. d4 Nf6 2. c4 g6 3. Nc3 Bg7 4. e4 d6 5. f3 O-O 6. Bg5 h6 7. Be3 c6 8. Qd2 Kh7
9. g4 e5 10. d5 cxd5 11. cxd5 a6 12. h4 h5 13. g5 Ne8 14. Bd3 Nd7 15. Nge2 b5
16. Ng3 Bb7 17. O-O Rc8 18. Rac1 Nc7 19. Rc2 Na8 20. Rfc1 Ndb6 21. b3 Qd7 22.
Kh2 Kg8 23. Qf2 Qd8 24. Bf1 Nd7 25. Bh3 Rc7 26. Nce2 Rxc2 27. Rxc2 Qe7 28. Nc1
Rc8 29. Nd3 Rxc2 30. Qxc2 Qd8 31. Nb4 Nb8 32. Ba7 a5 33. Bxb8 Qxb8 34. Nc6 Qc7
35. Nf1 Kf8 36. Ne3 Qb6 37. Qc3 b4 38. Qc1 Nc7 39. Nb8 Bc8 40. Nc6 Ba6 41. Kg3
Bd3 42. Qd2 Bb5 43. Nc4 Bxc4 44. bxc4 Na6 45. Bc8 Nc5 46. Kg2 Ke8 47. Bh3 Qa6
48. Qc2 Qb6 49. Qd2 Qa6 50. Qc2 Qb6 51. Qd2 Qa6 52. Qc2 Qb6 1/2-1/2

[Event "Nat 1 Creteil-Grasse"]
[Site "?"]
[Date "2008.04.05"]
[Round "10.7"]
[White "L Huillier, Thibaud"]
[Black "Buffe, Fabrice"]
[Result "1-0"]
[WhiteElo "2138"]
[BlackElo "2159"]
[PlyCount "97"]
[EventDate "2008.04.07"]
[SourceDate "2008.04.07"]

1. d4 d5 2. c4 e6 3. Nf3 Nf6 4. e3 c6 5. Nc3 Nbd7 6. Bd3 dxc4 7. Bxc4 b5 8. Bd3
a6 9. e4 c5 10. O-O cxd4 11. Nxd4 Bb7 12. Bg5 Qb6 13. Nf3 Bc5 14. Qe2 h6 15.
Bh4 Nh5 16. Bc2 g5 17. Bg3 Nxg3 18. hxg3 g4 19. Nd2 Ne5 20. a4 b4 21. a5 Qc7
22. Ba4+ Kf8 23. Nd1 h5 24. Ne3 Rd8 25. Rac1 Qe7 26. Nb3 Ba7 27. Rfd1 h4 28.
Rxd8+ Qxd8 29. Qd2 Qxd2 30. Nxd2 Bxe3 31. fxe3 Nd3 32. Rc7 h3 33. gxh3 gxh3 34.
Kh2 Nxb2 35. Bb3 Ba8 36. Ra7 Kg7 37. Bxe6 Kf6 38. Bb3 Ke5 39. Re7+ Kd6 40. Rxf7
Bc6 41. Rf6+ Kc7 42. Rf7+ Kd6 43. Bc2 Bb5 44. g4 Rh4 45. e5+ Kd5 46. Bb3+ Kc6
47. Rf6+ Kd7 48. Nf3 Rxg4 49. Be6+ 1-0

[Event "Nat 1 Creteil-Grasse"]
[Site "?"]
[Date "2008.04.05"]
[Round "10.8"]
[White "Forestier, Carole"]
[Black "Lam, Sophie"]
[Result "1/2-1/2"]
[WhiteElo "2037"]
[BlackElo "2073"]
[PlyCount "97"]
[EventDate "2008.04.07"]
[SourceDate "2008.04.07"]

1. d4 Nf6 2. c4 c5 3. d5 b5 4. cxb5 a6 5. bxa6 Bxa6 6. g3 d6 7. Bg2 g6 8. Nc3
Bg7 9. Nf3 Nbd7 10. Rb1 O-O 11. O-O Qa5 12. Qc2 Rfb8 13. b3 Ne8 14. Bb2 Nc7 15.
Rfd1 Nb5 16. Nxb5 Bxb5 17. Bxg7 Kxg7 18. a4 Ba6 19. h4 Nf6 20. Ng5 Bc8 21. Bh3
Qb4 22. Bxc8 Rxc8 23. Rbc1 Rab8 24. Rd3 Qg4 25. Kg2 Rb4 26. Qd2 h6 27. f3 Qd7
28. Nh3 Qb7 29. Rcc3 c4 30. Rxc4 Rbxc4 31. bxc4 Rxc4 32. a5 Rc5 33. Nf4 Qa8 34.
Re3 Nxd5 35. Nxd5 Rxd5 36. Qc3+ e5 37. Rd3 Qxa5 38. Qxa5 Rxa5 39. Rxd6 h5 40.
Kf2 Ra3 41. Rb6 Rc3 42. Ra6 Rb3 43. Ra5 Kf6 44. Ra6+ Ke7 45. Ra7+ Ke6 46. Ra6+
Ke7 47. Ra7+ Ke6 48. Ra6+ Kd7 49. Ra7+ 1/2-1/2

[Event "Nat 1 Cannes-Creteil"]
[Site "?"]
[Date "2008.04.06"]
[Round "11.1"]
[White "Levacic, Damir"]
[Black "Bouchet, Nicolas"]
[Result "0-1"]
[WhiteElo "2284"]
[BlackElo "2316"]
[PlyCount "76"]
[EventDate "2008.04.07"]
[SourceDate "2008.04.07"]

1. d4 d5 2. c4 c6 3. cxd5 cxd5 4. Nc3 Nf6 5. Bf4 Qb6 6. a3 Qxb2 7. Na4 Qb5 8.
e4 Qa5+ 9. Bd2 Qd8 10. e5 Ne4 11. Bb5+ Bd7 12. Bxd7+ Nxd7 13. Be3 Qa5+ 14. Kf1
b5 15. f3 Qxa4 16. Qxa4 bxa4 17. fxe4 Nb6 18. exd5 Nxd5 19. Kf2 e6 20. Ne2 Be7
21. Nf4 Nxf4 22. Bxf4 O-O 23. Rhc1 Rfc8 24. Bd2 h5 25. Ke2 Rab8 26. Rxc8+ Rxc8
27. Kd3 Rb8 28. Bb4 Bxb4 29. axb4 Rxb4 30. Kc3 a5 31. Ra2 Kh7 32. Kd3 Kg6 33.
Ke3 Rb3+ 34. Kf4 a3 35. g3 Kh6 36. h4 Rd3 37. d5 exd5 38. Rg2 Kg6 0-1

[Event "Nat 1 Cannes-Creteil"]
[Site "?"]
[Date "2008.04.06"]
[Round "11.2"]
[White "Lepelletier, Benoit"]
[Black "Zermiche, Cherif"]
[Result "1/2-1/2"]
[WhiteElo "2408"]
[BlackElo "2161"]
[PlyCount "54"]
[EventDate "2008.04.07"]
[SourceDate "2008.04.07"]

1. e4 c5 2. Ne2 Nc6 3. Nbc3 g6 4. d4 cxd4 5. Nxd4 Bg7 6. Nb3 Nf6 7. Be2 O-O 8.
a3 d6 9. g4 Be6 10. g5 Nd7 11. Be3 Na5 12. Nd4 Nc4 13. Bxc4 Bxc4 14. Nb3 Rc8
15. Bd4 Ne5 16. f4 Bxb3 17. fxe5 dxe5 18. Bxa7 Qa5 19. cxb3 Rcd8 20. Qe2 Qxa7
21. Rd1 e6 22. Rf1 Qb6 23. b4 Rd4 24. Nb5 Rxd1+ 25. Kxd1 Qd8+ 26. Qd2 Qb6 27.
Qe2 Qd8+ 1/2-1/2

[Event "Nat 1 Cannes-Creteil"]
[Site "?"]
[Date "2008.04.06"]
[Round "11.3"]
[White "De Labaca, Romuald"]
[Black "Brih, Saïd"]
[Result "0-1"]
[WhiteElo "2189"]
[BlackElo "2208"]
[PlyCount "98"]
[EventDate "2008.04.07"]
[SourceDate "2008.04.07"]

1. e4 c5 2. Nf3 Nc6 3. d4 cxd4 4. Nxd4 Nf6 5. Nc3 e5 6. Ndb5 d6 7. Bg5 a6 8.
Na3 b5 9. Nd5 Be7 10. Bxf6 Bxf6 11. c3 Bg5 12. Nc2 O-O 13. a4 bxa4 14. Rxa4 a5
15. Bc4 Rb8 16. b3 Kh8 17. Nce3 g6 18. Qe2 Bd7 19. Ra2 f5 20. h4 Bxe3 21. Qxe3
f4 22. Qd3 h6 23. Rd2 Kg7 24. f3 Be8 25. g3 fxg3 26. Rg2 Rf4 27. Nxf4 exf4 28.
Qd5 Qe7 29. O-O Ne5 30. Qg8+ Kf6 31. Qh8+ Qg7 32. Qxg7+ Kxg7 33. Rd2 a4 34.
Rxd6 axb3 35. Be2 Bf7 36. Rb1 g5 37. hxg5 hxg5 38. Kg2 b2 39. Rd2 Rh8 40. Rbxb2
Rh2+ 41. Kg1 g4 42. Bd1 Nxf3+ 43. Bxf3 Rxd2 44. Rxd2 gxf3 45. Rd7 Kf6 46. Rxf7+
Kxf7 47. c4 f2+ 48. Kf1 Ke6 49. c5 Ke5 0-1

[Event "Nat 1 Cannes-Creteil"]
[Site "?"]
[Date "2008.04.06"]
[Round "11.4"]
[White "Romieux, Sebastien"]
[Black "Marino, Olivier"]
[Result "1-0"]
[WhiteElo "2240"]
[BlackElo "2109"]
[PlyCount "83"]
[EventDate "2008.04.07"]
[SourceDate "2008.04.07"]

1. e4 c6 2. d4 d5 3. Nc3 dxe4 4. Nxe4 Nf6 5. Nxf6+ gxf6 6. c3 Bf5 7. Nf3 e6 8.
Nh4 Bg6 9. g3 Qd5 10. Bg2 Qc4 11. Qb3 Qxb3 12. axb3 Bc2 13. b4 Bb3 14. Be3 Bd5
15. f3 Bd6 16. Kf2 Nd7 17. Ra3 Bc4 18. b3 Ba6 19. f4 Nb6 20. Bxc6+ Ke7 21. Rxa6
bxa6 22. Bxa8 Rxa8 23. Ke2 Rc8 24. Kd3 Nd5 25. Bd2 f5 26. Ra1 Rc6 27. Ng2 Bb8
28. c4 Nf6 29. Ne3 Ne4 30. d5 Rb6 31. Be1 Bd6 32. Ra4 a5 33. Rxa5 Bxb4 34.
Rxa7+ Kf6 35. Bxb4 Rxb4 36. Kc2 h5 37. Ra4 Rxa4 38. bxa4 Ke7 39. Kb3 Kd6 40.
Kb4 Nc5 41. a5 h4 42. Kb5 1-0

[Event "Nat 1 Cannes-Creteil"]
[Site "?"]
[Date "2008.04.06"]
[Round "11.5"]
[White "Canneva, Florian"]
[Black "Larrat, Philippe"]
[Result "1-0"]
[WhiteElo "2100"]
[BlackElo "2210"]
[PlyCount "53"]
[EventDate "2008.04.07"]
[SourceDate "2008.04.07"]

1. e4 c5 2. Nf3 g6 3. d4 cxd4 4. Nxd4 Nc6 5. Nc3 Bg7 6. Be3 Nf6 7. Bc4 Qa5 8.
O-O O-O 9. Bb3 d6 10. h3 Bd7 11. Re1 Rfe8 12. Qd2 Nxe4 13. Nxc6 Qxc3 14. bxc3
Nxd2 15. Nxe7+ Rxe7 16. Bxd2 Be6 17. Re3 Bh6 18. Rxe6 fxe6 19. Bxh6 Rc8 20. Re1
Kf7 21. Bg5 Ree8 22. Ba4 Rf8 23. Bd7 Rxc3 24. Rxe6 Kg7 25. Re7+ Rf7 26. Bh6+
Kf6 27. Re6+ 1-0

[Event "Nat 1 Cannes-Creteil"]
[Site "?"]
[Date "2008.04.06"]
[Round "11.6"]
[White "Li, Frederic"]
[Black "Verot, Melanie"]
[Result "1-0"]
[WhiteElo "2176"]
[BlackElo "2121"]
[PlyCount "107"]
[EventDate "2008.04.07"]
[SourceDate "2008.04.07"]

1. Nf3 c5 2. c4 Nc6 3. d4 cxd4 4. Nxd4 g6 5. e4 Bg7 6. Be3 Nf6 7. Nc3 d6 8. Be2
O-O 9. Qd2 Ng4 10. Bxg4 Bxg4 11. f3 Bd7 12. O-O Rc8 13. b3 Qa5 14. Rfc1 a6 15.
Rab1 Ne5 16. a4 f5 17. Rc2 fxe4 18. Nxe4 Qxd2 19. Rxd2 Bf5 20. Nxf5 gxf5 21.
Nf2 Nc6 22. Rbd1 Nb4 23. Re2 Kf7 24. Nh3 h6 25. Nf4 Be5 26. g4 Rg8 27. h3 Nc6
28. Kf2 fxg4 29. hxg4 Nd4 30. Bxd4 Bxf4 31. Re4 Bg5 32. f4 Bf6 33. Bxf6 Kxf6
34. Kf3 e6 35. Rxd6 Rge8 36. b4 Rc6 37. Rxc6 bxc6 38. b5 cxb5 39. cxb5 axb5 40.
axb5 Rb8 41. Rb4 Ke7 42. b6 Rb7 43. Ke4 Kd6 44. Kd4 Rf7 45. b7 Rxf4+ 46. Kc3
Rxb4 47. Kxb4 Kc7 48. Kc5 Kxb7 49. Kd6 Kc8 50. Kxe6 Kd8 51. Kf7 Kd7 52. Kg6 Ke6
53. Kxh6 Kf7 54. g5 1-0

[Event "Nat 1 Cannes-Creteil"]
[Site "?"]
[Date "2008.04.06"]
[Round "11.7"]
[White "Levacic, Melissa"]
[Black "L Huillier, Thibaud"]
[Result "0-1"]
[WhiteElo "2015"]
[BlackElo "2138"]
[PlyCount "96"]
[EventDate "2008.04.07"]
[SourceDate "2008.04.07"]

1. e4 c6 2. d4 d5 3. e5 Bf5 4. Nf3 e6 5. a3 c5 6. c4 Nc6 7. Be3 cxd4 8. Nxd4
Nge7 9. Nxc6 Nxc6 10. cxd5 Qxd5 11. Qxd5 exd5 12. f4 O-O-O 13. Kd2 d4 14. Bf2
g5 15. Bd3 Bxd3 16. Kxd3 gxf4 17. Re1 Bg7 18. e6 Ne5+ 19. Ke4 fxe6 20. Rc1+ Nc6
21. Nd2 Kb8 22. Nf3 d3 23. Rab1 Rd5 24. Rd1 Rhd8 25. Rd2 Na5 26. Rbd1 Nc4 27.
Rxd3 Bxb2 28. Rxd5 Rxd5 29. Rxd5 exd5+ 30. Kxd5 Ne3+ 31. Bxe3 fxe3 32. Ke4 Bc1
33. g4 b5 34. Kd3 e2 35. h4 Bxa3 36. g5 Be7 37. Kxe2 Kc7 38. Kd2 Kd6 39. Kc3
Kd5 40. Nd4 b4+ 41. Kd3 a5 42. Nf5 Bd8 43. Ne3+ Ke5 44. Ng4+ Kf5 45. Ne3+ Kg6
46. Kc4 Kh5 47. Nd5 Kxh4 48. Nf6 h6 0-1

[Event "Nat 1 Cannes-Creteil"]
[Site "?"]
[Date "2008.04.06"]
[Round "11.8"]
[White "Lam, Sophie"]
[Black "Ringuet, Noe"]
[Result "1/2-1/2"]
[WhiteElo "2073"]
[BlackElo "1821"]
[PlyCount "89"]
[EventDate "2008.04.07"]
[SourceDate "2008.04.07"]

1. e4 c5 2. Nf3 d6 3. d4 cxd4 4. Nxd4 Nf6 5. Nc3 a6 6. Be2 e5 7. Nf3 Be7 8. Bg5
Nbd7 9. Qd2 h6 10. Be3 b5 11. a3 Bb7 12. Bd3 Rc8 13. Qe2 Nc5 14. Bd2 Qc7 15.
O-O Qb8 16. Rad1 Qa8 17. Rfe1 Ne6 18. Bc1 O-O 19. Qf1 Rc7 20. h3 Nd4 21. Nh2
Rfc8 22. f4 Ne6 23. f5 Nc5 24. Qe2 d5 25. exd5 Nxd5 26. Nxd5 Bxd5 27. Qg4 Nxd3
28. Rxd3 Rxc2 29. Rg3 Bc5+ 30. Kh1 Bf8 31. Bxh6 Bxg2+ 32. Rxg2 Rxg2 33. Qxg2
Qxg2+ 34. Kxg2 gxh6 35. Re2 f6 36. Ng4 Kf7 37. Rd2 Ke7 38. Kg3 h5 39. Nf2 Bh6
40. Re2 Rg8+ 41. Kf3 Rd8 42. Rc2 Bf4 43. Rc7+ Rd7 44. Rc6 Rd6 45. Rc7+ 1/2-1/2

[Event "Nat 1 Grasse-Vincennes"]
[Site "?"]
[Date "2008.04.06"]
[Round "11.2"]
[White "Carbonnel, Pierre"]
[Black "Dobrev, Nanko"]
[Result "0-1"]
[WhiteElo "2292"]
[BlackElo "2402"]
[PlyCount "66"]
[EventDate "2008.04.07"]
[SourceDate "2008.04.07"]

1. e4 e5 2. f4 Qh4+ 3. g3 Qe7 4. Nc3 d6 5. Bc4 c6 6. fxe5 dxe5 7. d3 Nf6 8. Nf3
Bg4 9. h3 Bh5 10. g4 Bg6 11. Be3 Nbd7 12. Qd2 Nb6 13. Bb3 h5 14. g5 Nfd7 15.
Nh4 Nc5 16. Nxg6 fxg6 17. Rf1 O-O-O 18. Rf7 Nxb3 19. Rxe7 Nxd2 20. Rf7 Ndc4 21.
dxc4 Nxc4 22. Bxa7 Bb4 23. a3 Bxc3+ 24. bxc3 Rhf8 25. Rxf8 Rxf8 26. Ke2 Rf4 27.
Kd3 Nb2+ 28. Ke3 Na4 29. Bd4 Rh4 30. Bxe5 Rxh3+ 31. Kd2 Nc5 32. Re1 Ne6 33. a4
Nxg5 0-1

[Event "Nat 1 Grasse-Vincennes"]
[Site "?"]
[Date "2008.04.06"]
[Round "11.6"]
[White "Fayard, Alain"]
[Black "Henneteau, Jeremy"]
[Result "1/2-1/2"]
[WhiteElo "2269"]
[BlackElo "2137"]
[PlyCount "136"]
[EventDate "2008.04.07"]
[SourceDate "2008.04.07"]

1. d4 Nf6 2. c4 e6 3. Nc3 d5 4. Bg5 c6 5. e3 Nbd7 6. Qc2 Qa5 7. Bh4 Bb4 8. Bd3
dxc4 9. Bxc4 e5 10. Nge2 O-O 11. O-O exd4 12. exd4 Bd6 13. Bg3 Bxg3 14. Nxg3
Nb6 15. Bd3 Nbd5 16. a3 Be6 17. Rfe1 Qb6 18. Nge2 Qc7 19. Qd2 Ng4 20. Ng3 Qf4
21. Rad1 Qxd2 22. Rxd2 Rad8 23. Nce4 Ngf6 24. Nc5 Bc8 25. b4 Rfe8 26. Rxe8+
Rxe8 27. Re2 Rxe2 28. Nxe2 Kf8 29. b5 Ke7 30. bxc6 bxc6 31. Kf1 g6 32. Bc4 Nb6
33. Bb3 Nfd7 34. Ne4 Ba6 35. Ke1 Bc4 36. Bc2 f5 37. Ng5 Nf6 38. Nf4 Nbd5 39.
Nd3 Bxd3 40. Bxd3 Nf4 41. Bf1 Ne6 42. Nf3 Kd6 43. Bc4 Nxd4 44. Nxd4 Kc5 45.
Nxc6 Kxc6 46. Ke2 Kc5 47. Bf7 Kd4 48. Kf3 g5 49. h3 a5 50. a4 Ne4 51. Be8 Nf6
52. Bb5 h6 53. Ba6 f4 54. Bb7 Ke5 55. g3 fxg3 56. fxg3 Kd4 57. Bc8 Ke5 58. h4
Nd5 59. Bd7 gxh4 60. gxh4 Nb6 61. Bc6 Kf5 62. Be4+ Kf6 63. Bc2 h5 64. Ke4 Kg7
65. Kf5 Nxa4 66. Bxa4 Kh7 67. Kf6 Kh8 68. Kg6 Kg8 1/2-1/2

[Event "Nat 1 Grasse-Vincennes"]
[Site "?"]
[Date "2008.04.06"]
[Round "11.5"]
[White "Abravanel, Chely"]
[Black "Schabanel, Stephane"]
[Result "1/2-1/2"]
[WhiteElo "2338"]
[BlackElo "2265"]
[PlyCount "38"]
[EventDate "2008.04.07"]
[SourceDate "2008.04.07"]

1. e4 c5 2. Nf3 d6 3. c3 Nf6 4. h3 Nc6 5. Bd3 d5 6. exd5 Qxd5 7. Qe2 Bf5 8.
Bxf5 Qxf5 9. O-O Rd8 10. Qb5 Rd7 11. d4 e6 12. Be3 a6 13. Qe2 cxd4 14. Nxd4
Nxd4 15. Bxd4 Bc5 16. Bxc5 Qxc5 17. Nd2 O-O 18. Nb3 Qb6 19. Rad1 Rfd8 1/2-1/2

[Event "Nat 1 Grasse-Vincennes"]
[Site "?"]
[Date "2008.04.06"]
[Round "11.3"]
[White "Di Paolo, Rafaele"]
[Black "Jablonsky, Noham"]
[Result "0-1"]
[WhiteElo "2371"]
[BlackElo "2260"]
[PlyCount "49"]
[EventDate "2008.04.07"]
[SourceDate "2008.04.07"]

1. e4 c5 2. Nf3 e6 3. d4 cxd4 4. Nxd4 Nf6 5. Nc3 d6 6. Be3 Be7 7. Bc4 a6 8. Bb3
Qc7 9. f4 b5 10. Qf3 b4 11. Nce2 Bb7 12. Ng3 O-O 13. Rc1 Nbd7 14. c3 Nc5 15.
O-O Ncxe4 16. cxb4 Qd7 17. Nxe4 Bxe4 18. Qh3 Nd5 19. Rfd1 Qb7 20. Nxe6 Nxe3 21.
Nc5 dxc5 22. Rd7 Qxb4 23. Qxe3 Bf6 24. Rc4 Qb5 25. Rc7 0-1

[Event "Nat 1 Grasse-Vincennes"]
[Site "?"]
[Date "2008.04.06"]
[Round "11.4"]
[White "Elbilia, Jacques"]
[Black "Andonov, Bogomil"]
[Result "1-0"]
[WhiteElo "2351"]
[BlackElo "2334"]
[PlyCount "115"]
[EventDate "2008.04.07"]
[SourceDate "2008.04.07"]

1. d4 Nf6 2. c4 c5 3. d5 a6 4. Qc2 e5 5. f4 exf4 6. Bxf4 d6 7. Nf3 Nbd7 8. e4
Qe7 9. Bd3 g6 10. O-O Bg7 11. h3 O-O 12. Nbd2 Ne8 13. Rae1 Rb8 14. Bg5 f6 15.
Be3 b5 16. b4 cxb4 17. cxb5 axb5 18. Nb3 Ne5 19. Nxe5 fxe5 20. Na5 Rxf1+ 21.
Rxf1 Ra8 22. Nc6 Qb7 23. Qf2 Bd7 24. Ne7+ Kh8 25. Qf7 Nf6 26. Rxf6 Rf8 27.
Qxf8+ Bxf8 28. Rxf8+ Kg7 29. Rf2 Qa6 30. Bf1 Qa3 31. Bb6 b3 32. axb3 Qxb3 33.
Nc6 Qb1 34. Nd8 Bf5 35. Ne6+ Kf7 36. g4 b4 37. gxf5 gxf5 38. exf5 b3 39. Ng5+
Kf8 40. f6 Qg6 41. Rg2 b2 42. Ne6+ Kf7 43. Nd8+ Kf8 44. Ne6+ Kf7 45. Rxg6 b1=Q
46. Rg7+ Kxf6 47. Be3 Qd1 48. Bg5+ Kf5 49. Rf7+ Ke4 50. Nc7 Qh5 51. Bg2+ Kd3
52. Rf3+ Kc2 53. Rg3 Qg6 54. Kh2 Qf5 55. Nb5 Qd7 56. Rc3+ Kd1 57. Bf3+ Ke1 58.
Be3 1-0

[Event "Nat 1 Grasse-Vincennes"]
[Site "?"]
[Date "2008.04.06"]
[Round "11.8"]
[White "Descroix, Claire"]
[Black "Forestier, Carole"]
[Result "0-1"]
[WhiteElo "1591"]
[BlackElo "2037"]
[PlyCount "72"]
[EventDate "2008.04.07"]
[SourceDate "2008.04.07"]

1. f4 d5 2. Nf3 g6 3. e3 Bg7 4. Be2 Nf6 5. O-O O-O 6. d3 c5 7. Ne5 Nfd7 8. Nxd7
Bxd7 9. Nd2 Nc6 10. Nf3 e5 11. fxe5 Nxe5 12. Ne1 Qe7 13. d4 Nc6 14. c3 Rae8 15.
Bf3 Bh6 16. Kh1 Bxe3 17. Bxe3 Qxe3 18. Bxd5 cxd4 19. Nc2 Qg5 20. Bf3 d3 21.
Qxd3 Ne5 22. Qd1 Nxf3 23. Rxf3 Bg4 24. Nd4 Bxf3 25. Nxf3 Qb5 26. Rb1 Rd8 27.
Nd4 Qc4 28. Ra1 Rd6 29. Qf3 Qd5 30. Qf2 Kg7 31. Qg3 Rb6 32. Qf2 Rf6 33. Nf3 a6
34. Qc2 Rd8 35. Nd4 Qc4 36. Kg1 Rxd4 0-1

[Event "Nat 1 Toulouse-Gambsheim"]
[Site "?"]
[Date "2008.04.06"]
[Round "11.1"]
[White "Pasquier, Thomas"]
[Black "Miltner, Arndt"]
[Result "1/2-1/2"]
[WhiteElo "2257"]
[BlackElo "2369"]
[PlyCount "48"]
[EventDate "2008.04.07"]
[SourceDate "2008.04.07"]

1. e4 c5 2. Nf3 e6 3. Qe2 Nc6 4. g3 g6 5. d3 Bg7 6. Bg2 Nge7 7. O-O O-O 8. e5
b6 9. Re1 Bb7 10. Na3 d6 11. exd6 Qxd6 12. Bf4 Qd8 13. c3 Nd5 14. Bd2 Re8 15.
Rad1 Qd7 16. h4 h6 17. Nc4 Rad8 18. Nce5 Qc8 19. Bh3 Nxe5 20. Nxe5 Qc7 21. f4
h5 22. a3 Rd6 23. Nc4 Rdd8 24. Ne5 Rd6 1/2-1/2

[Event "Nat 1 Toulouse-Gambsheim"]
[Site "?"]
[Date "2008.04.06"]
[Round "11.2"]
[White "Mohebbi, Jaffar"]
[Black "Tournier, Mathieu"]
[Result "0-1"]
[WhiteElo "2273"]
[BlackElo "2236"]
[PlyCount "78"]
[EventDate "2008.04.07"]
[SourceDate "2008.04.07"]

1. e4 e5 2. Nf3 Nc6 3. d4 exd4 4. Bc4 Nf6 5. e5 d5 6. Bb5 Nd7 7. O-O Be7 8. Re1
O-O 9. Bxc6 bxc6 10. Nxd4 Nb8 11. Qf3 c5 12. Nf5 Bxf5 13. Qxf5 Qd7 14. Qh5 Qe6
15. f4 f5 16. Qf3 Nc6 17. Be3 Rab8 18. b3 Rfd8 19. Qf2 d4 20. Bc1 c4 21. Nd2
Bb4 22. Rd1 Bc3 23. Rb1 cxb3 24. Rxb3 h6 25. Nf3 Rxb3 26. axb3 d3 27. Be3 a5
28. Rc1 Nb4 29. Bd4 Qc6 30. e6 dxc2 31. e7 Re8 32. Ne5 Bxd4 33. Qxd4 Qe4 34.
Qc5 Rxe7 35. g3 Re8 36. Qxc7 Qd4+ 37. Kg2 Qd5+ 38. Kh3 Qxb3 39. Qd7 Qe6 0-1

[Event "Nat 1 Toulouse-Gambsheim"]
[Site "?"]
[Date "2008.04.06"]
[Round "11.3"]
[White "Van Elst, Andreas"]
[Black "Syska, Albert"]
[Result "1/2-1/2"]
[WhiteElo "2333"]
[BlackElo "2247"]
[PlyCount "66"]
[EventDate "2008.04.07"]
[SourceDate "2008.04.07"]

1. d4 Nf6 2. c4 c5 3. e3 e6 4. Nc3 Be7 5. Nf3 O-O 6. Bd3 d6 7. O-O b6 8. Qe2
Bb7 9. dxc5 bxc5 10. b3 e5 11. Nd2 Ne8 12. Be4 Bxe4 13. Ndxe4 f5 14. Ng3 Nc6
15. Bb2 Nc7 16. Rad1 Qe8 17. Nb5 Nxb5 18. cxb5 Nd8 19. e4 fxe4 20. Nxe4 Qg6 21.
Qc4+ Kh8 22. Qd5 Ne6 23. Nxd6 Nf4 24. Qe4 Qg4 25. Kh1 Bxd6 26. Rxd6 Rae8 27.
Bc1 Qh5 28. Re1 Ne6 29. Be3 Nd4 30. Rd5 Nxb5 31. Rxc5 Nd6 32. Qb4 Nf5 33. Rxe5
Ng3+ 1/2-1/2

[Event "Nat 1 Toulouse-Gambsheim"]
[Site "?"]
[Date "2008.04.06"]
[Round "11.4"]
[White "Marzolf, Bruno"]
[Black "Benmesbah, Natacha"]
[Result "1-0"]
[WhiteElo "2214"]
[BlackElo "2212"]
[PlyCount "101"]
[EventDate "2008.04.07"]
[SourceDate "2008.04.07"]

1. d4 Nf6 2. Nc3 d5 3. Bg5 Nbd7 4. Nf3 e6 5. Qd3 Be7 6. h4 c5 7. e4 cxd4 8.
Qxd4 Bc5 9. Bxf6 Qb6 10. Qd2 Nxf6 11. Bb5+ Bd7 12. Bxd7+ Nxd7 13. exd5 O-O 14.
O-O exd5 15. Nxd5 Qxb2 16. Rfb1 Qa3 17. Rxb7 Nb6 18. Nxb6 axb6 19. c3 Rad8 20.
Qc2 Qa8 21. Ng5 g6 22. Qe4 Rde8 23. Qf3 Re7 24. Rxe7 Qxf3 25. Nxf3 Bxe7 26. Re1
Bf6 27. Rb1 Bxc3 28. Rxb6 Ra8 29. Rc6 Bb2 30. g3 Rxa2 31. Kg2 Bf6 32. Rxf6 Kg7
33. Rd6 Ra5 34. Ng5 h6 35. Ne4 Ra3 36. Rd7 Ra8 37. Nd6 Rf8 38. Kf3 Kf6 39. Ne4+
Kg7 40. Kf4 Kg8 41. Nd6 Kg7 42. Ke5 h5 43. Re7 Ra8 44. Rxf7+ Kh6 45. Ne4 Ra5+
46. Kf4 Ra2 47. Kf3 Rb2 48. Kg2 Rb3 49. g4 hxg4 50. Ng5 Rg3+ 51. Kxg3 1-0

[Event "Nat 1 Toulouse-Gambsheim"]
[Site "?"]
[Date "2008.04.06"]
[Round "11.5"]
[White "Luminais, Eric"]
[Black "Becht, Lucas"]
[Result "1/2-1/2"]
[WhiteElo "2230"]
[BlackElo "2201"]
[PlyCount "155"]
[EventDate "2008.04.07"]
[SourceDate "2008.04.07"]

1. e4 c5 2. Nf3 Nc6 3. g3 e5 4. Nc3 Nge7 5. Bg2 g6 6. d3 Bg7 7. Nd2 d6 8. Nc4
Be6 9. O-O O-O 10. Ne3 Qd7 11. f4 exf4 12. gxf4 f5 13. Ncd5 Rae8 14. c3 Kh8 15.
Rf2 Bg8 16. Bd2 fxe4 17. dxe4 Nxd5 18. Nxd5 Bxd5 19. exd5 Ne7 20. Qf1 Qf5 21.
Qc4 Qg4 22. Re1 Nf5 23. Re6 Nh4 24. Qe2 Qxe2 25. Rfxe2 Rxe6 26. Rxe6 Nf5 27.
Be4 Bh6 28. Bxf5 Rxf5 29. Rxd6 Rf7 30. Kg2 Kg7 31. Kg3 Kf8 32. Rd8+ Ke7 33. Ra8
Kd6 34. c4 b5 35. b3 bxc4 36. bxc4 Re7 37. Rc8 Re2 38. Ba5 Rxa2 39. Rd8+ Ke7
40. d6+ Ke6 41. Bc7 Rd2 42. Re8+ Kd7 43. Rh8 Kc6 44. Rxh7 Bf8 45. Rf7 Bxd6 46.
Bxd6 Kxd6 47. Rxa7 Rc2 48. Ra6+ Ke7 49. Rxg6 Rxc4 50. h4 Rc1 51. h5 c4 52. Kg2
Rc2+ 53. Kf3 Rh2 54. Rg5 c3 55. Ke4 c2 56. Rc5 Rxh5 57. Rxc2 Ra5 58. Rc7+ Kf6
59. Rc6+ Kf7 60. Kf3 Rb5 61. Kg4 Ra5 62. Rc3 Kf6 63. Rc4 Ra6 64. Rc5 Rb6 65.
Ra5 Rc6 66. Rh5 Kf7 67. Rh7+ Kf8 68. Kg5 Ra6 69. Rb7 Ra5+ 70. f5 Ra6 71. Rb8+
Kf7 72. Rb7+ Kf8 73. f6 Ra1 74. Rb8+ Kf7 75. Rb7+ Kf8 76. Rb8+ Kf7 77. Rb7+ Kf8
78. Rb8+ 1/2-1/2

[Event "Nat 1 Toulouse-Gambsheim"]
[Site "?"]
[Date "2008.04.06"]
[Round "11.6"]
[White "Reichstein, Hans Joerg"]
[Black "Heinis, Vincent"]
[Result "1/2-1/2"]
[WhiteElo "2082"]
[BlackElo "2156"]
[PlyCount "33"]
[EventDate "2008.04.07"]
[SourceDate "2008.04.07"]

1. e4 e6 2. d4 d5 3. Nc3 Nc6 4. Nf3 Nf6 5. Bg5 Be7 6. e5 Ne4 7. Bxe7 Qxe7 8. a3
Bd7 9. Bd3 Ng5 10. Ne2 Nxf3+ 11. gxf3 f6 12. f4 g5 13. exf6 Qxf6 14. fxg5 Qxg5
15. Qd2 Qf6 16. O-O-O O-O-O 17. Qe3 1/2-1/2

[Event "Nat 1 Toulouse-Gambsheim"]
[Site "?"]
[Date "2008.04.06"]
[Round "11.7"]
[White "Sasot, Eloy"]
[Black "Engelmann, Herve"]
[Result "0-1"]
[WhiteElo "2154"]
[BlackElo "2023"]
[PlyCount "63"]
[EventDate "2008.04.07"]
[SourceDate "2008.04.07"]

1. d4 Nf6 2. c4 g6 3. Nc3 d5 4. Nf3 Bg7 5. Bg5 Ne4 6. cxd5 Nxc3 7. bxc3 Qxd5 8.
e3 Bg4 9. Qa4+ Nd7 10. Bc4 Qf5 11. Qb5 e5 12. Bd3 Qe6 13. Qxb7 Rb8 14. Qa6 c6
15. Qc4 Qd6 16. Be4 O-O 17. Qxc6 Qa3 18. O-O Rfc8 19. Qd5 Be6 20. Be7 Qxe7 21.
Qa5 exd4 22. exd4 Bc4 23. Rfe1 Qd6 24. Qxa7 Rb2 25. a4 f5 26. Bb1 Bd5 27. Ne5
Nxe5 28. dxe5 Bxe5 29. Bd3 Bxh2+ 30. Kh1 Be5 31. Qa6 Rc6 32. Qa8+ 0-1